Sports Quiz

Random Sports or MLB Quiz

First and Last 5 (Sports) Quiz Stats

 Plays Quiz Updated Dec 10, 2018

Also try: Big 4 First Four
Challenge
Share
Tweet
Embed
Score 0/80 Timer 15:00
1 Play Today
Year % Correct
Last 5 Super Bowl ChampionsNew England Patriots
92.3%
Last 5 Super Bowl ChampionsNew England Patriots
92.1%
Last 5 World Series ChampionsChicago Cubs
91.9%
Last 5 NBA ChampionsCleveland Cavaliers
91.5%
First 5 World Series ChampionsBoston Americans
90.6%
Last 5 NBA ChampionsGolden State Warriors
90%
Last 5 World Series ChampionsSan Francisco Giants
90%
Last 5 NBA ChampionsGolden State Warriors
89.4%
First 5 World Series ChampionsNew York Giants
88.2%
First 5 Super Bowl ChampionsGreen Bay Packers
87.7%
First 5 Super Bowl ChampionsGreen Bay Packers
87.7%
Last 5 Super Bowl ChampionsDenver Broncos
87%
Last 5 World Series ChampionsBoston Red Sox
86.7%
Last 5 World Series ChampionsHouston Astros
85.5%
Last 5 Super Bowl ChampionsSeattle Seahawks
85%
First 5 NBA ChampionsMinneapolis Lakers
84.7%
First 5 NBA ChampionsMinneapolis Lakers
84.7%
First 5 NBA ChampionsMinneapolis Lakers
84.7%
First 5 NBA ChampionsMinneapolis Lakers
84.7%
Last 5 NBA ChampionsGolden State Warriors
84.2%
Last 5 Super Bowl ChampionsPhiladelphia Eagles
82.6%
Last 5 AP College Football
National Champions
Alabama
82.5%
First 5 World Series ChampionsChicago Cubs
82.5%
First 5 World Series ChampionsChicago Cubs
82.5%
Last 5 NBA ChampionsSan Antonio Spurs
82.1%
Last 5 FIFA World Cup ChampsBrazil
80.2%
Last 5 FIFA World Cup ChampsGermany
80.1%
Last 5 AP College Football
National Champions
Alabama
79.9%
Last 5 World Series ChampionsKansas City Royals
79.3%
Last 5 AP College Football
National Champions
Clemson
77.3%
Last 5 NHL ChampionsChicago Blackhawks
76.7%
First 5 FIFA World Cup ChampsWest Germany
76.1%
Last 5 NHL ChampionsWashington Capitals
75.6%
Last 5 FIFA World Cup ChampsItaly
74.1%
Last 5 NCAA Division I
Basketball Champions
Duke
74.1%
First 5 FIFA World Cup ChampsItaly
74.1%
First 5 FIFA World Cup ChampsItaly
74%
First 5 Super Bowl ChampionsNew York Jets
73.4%
Last 5 NHL ChampionsPittsburgh Penguins
73.1%
Last 5 FIFA World Cup ChampsFrance
73%
Year % Correct
Last 5 NCAA Division I
Basketball Champions
North Carolina
72.6%
Last 5 FIFA World Cup ChampsSpain
72.4%
Last 5 NHL ChampionsPittsburgh Penguins
71.4%
First 5 NHL ChampionsMontreal Canadiens
71.3%
First 5 NHL ChampionsMontreal Canadiens
71.3%
Last 5 AP College Football
National Champions
Ohio State
70.8%
First 5 Super Bowl ChampionsBaltimore Colts
70.6%
First 5 NHL ChampionsBoston Bruins
69.3%
Last 5 NCAA Division I
Basketball Champions
Villanova
67.8%
Last 5 AP College Football
National Champions
Florida State
67.2%
Last 5 NHL ChampionsLos Angeles Kings
66.2%
First 5 NHL ChampionsNew York Rangers
64.7%
First 5 Super Bowl ChampionsKansas City Chiefs
64.4%
Last 5 NCAA Division I
Basketball Champions
Villanova
62.4%
First 5 World Series ChampionsChicago White Sox
61.7%
Last 5 NCAA Division I
Basketball Champions
Connecticut
60.5%
First 5 NBA ChampionsRochester Royals
54%
Last 5 MLS Cup ChampionsSeattle Sounders FC
47%
Last 5 MLS Cup ChampionsToronto FC
46.7%
First 5 FIFA World Cup ChampsUruguay
44.2%
First 5 FIFA World Cup ChampsUruguay
44.1%
Last 5 MLS Cup ChampionsLos Angeles Galaxy
42.1%
First 5 MLS Cup ChampionsD.C. United
35.1%
First 5 MLS Cup ChampionsD.C. United
35.1%
First 5 MLS Cup ChampionsD.C. United
35.1%
First 5 NHL ChampionsOttawa Senators
34.2%
First 5 NCAA Division I
Basketball Champions
Oregon
31.1%
First 5 MLS Cup ChampionsChicago Fire
30.4%
First 5 NCAA Division I
Basketball Champions
Indiana
30.3%
First 5 NCAA Division I
Basketball Champions
Wisconsin
26.3%
Last 5 MLS Cup ChampionsPortland Timbers
24.7%
Last 5 MLS Cup ChampionsAtlanta United FC
24.2%
First 5 AP College Football
National Champions
Minnesota
24.2%
First 5 AP College Football
National Champions
Minnesota
24.2%
First 5 NCAA Division I
Basketball Champions
Stanford
21.7%
First 5 AP College Football
National Champions
Texas A&M
18%
First 5 AP College Football
National Champions
Pittsburgh
17.4%
First 5 MLS Cup ChampionsKansas City Wizards
15.9%
First 5 AP College Football
National Champions
Texas Christian University
11.6%
First 5 NCAA Division I
Basketball Champions
Wyoming
9.5%

You're not logged in!

Compare scores with friends on all Sporcle quizzes.
OR
Log In

You Might Also Like...

Show Comments

Extras

Top Quizzes Today


Score Distribution

Your Account Isn't Verified!

In order to create a playlist on Sporcle, you need to verify the email address you used during registration. Go to your Sporcle Settings to finish the process.

Report this User

Report this user for behavior that violates our Community Guidelines.

Details: